000 01111cam a2200277Ia 4500
001 u29161
003 SIRSI
007 heabmb---bacu
008 060522s1999 ua a bb 000 0 eng d
040 _aEAL
090 _aThesis
_bS-9428
100 1 _aHassaan, Said Farouk.
245 1 0 _aEffect of high ambient temperature on the productive performance in two broiler strains
_h[microform]/
_cSaid Farouk Hassan.
246 1 5 _aتأثير درجة الحرارة العالية المحيطة على الأداء الإنتاجى لسلالتين من كتاكيت اللحم.
260 _c1999.
300 _a95, 4 Leaves :
_bill. ;
_c30 cm.
502 _aThesis (M.S.)--Ain Shams University,1999.
504 _aIncludes bibliographical references (leaves 76-95)
533 _aMicrofiche.Cairo, Egypt :ASUNET,
_e2 microfiches:negative.
546 _aSummary in Arabic.
596 _a1
650 0 _aBroilers (Poultry)
_xBreeding.
650 0 _aBroilers (Poultry)
_xHousing
_xHeating and ventilation.
650 0 _aVitamin C in animal nutrition.
942 _cMIC
_2lcc
999 _c9643
_d9643